Kỹ thuật ghép táo, mận, hồng

সংরক্ষণ করুন:
গ্রন্থ-পঞ্জীর বিবরন
প্রধান লেখক: Phạm Văn Côn
বিন্যাস: গ্রন্থ
প্রকাশিত: H. Nông nghiệp 1979
বিষয়গুলি:
ট্যাগগুলো: ট্যাগ যুক্ত করুন
কোনো ট্যাগ নেই, প্রথমজন হিসাবে ট্যাগ করুন!
Thư viện lưu trữ: Trung tâm Học liệu Lê Vũ Hùng, Trường Đại học Đồng Tháp
LEADER 00675pam a22002298a 4500
001 00018655
005 20171026081022.0
008 110428s1979 ||||||Viesd
041 0 # |a Vie 
082 1 4 |a 631.5  |b K600T 
100 0 # |a Phạm Văn Côn 
245 0 0 |a Kỹ thuật ghép táo, mận, hồng  |c Phạm Văn Côn 
260 # # |a H.  |b Nông nghiệp  |c 1979 
300 # # |a 43tr.  |c 19cm. 
653 # # |a Hồng 
653 # # |a Táo 
653 # # |a Mận 
653 # # |a Kỹ thuật ghép 
852 # # |b Kho đọc  |j KD.0004035 
852 # # |j KD.0004035 
910 |d 28/04/2011 
980 # # |a Trung tâm Học liệu Lê Vũ Hùng, Trường Đại học Đồng Tháp